Evénements du 23 septembre - Statistiques

Statistiques générales
  • Ce quiz a été pris 36 fois
  • Le résultat moyen est 8 sur 15
Statistiques - réponses
Hint Réponse % Correct
Naissance de l'empereur Auguste - 63
96%
1ères frappes de la coalition internationale contre l'Etat islamique 2014
85%
Georges Brassens se produit pour la 1ère fois à l'Olympia 1954
69%
Naissance de Jacques Cartier 1491
65%
1ères journées du Patrimoine 1984
65%
Naissance de Bruno Solo 1964
62%
Naissance de Patrick Fiori 1969
62%
Roland Garros réalise la 1ère traversée sans escale de la Méditerranée 1913
58%
Alexandre Millerand devient président de la République 1920
54%
Naissance de Julio Iglesias ET Fondation de la République sociale italienne par Mussolini 1943
54%
Bismarck devient chancelier de Prusse 1862
42%
Naissance de Bruce Springsteen 1949
38%
Création de Nintendo 1889
19%
Fabrication du 1er chewing-gum 1848
15%
Création de la C.G.T. 1895
12%
Aucun quiz correspondant
Distribution des résultats
% des personnes avec chaque résultat
Percentile par nombre de réponses
Votre historique - résultats
Vous n’avez pas pris ce quiz